00633nam a2200205 450000100060000000300080000600500170001400800410003103500190007204000320009104100080012308200230013110000230015424500830017726000500026030000270031050000280033750400310036560000310039635826BD-RjUL20211209052403.0140610r19681956nyu b 000 0 eng d a(BD-RjUL)35921 aDLCcDLCdDLCdBD-RjULbeng aeng00a320.0924bPAM 19681 aParkin, Charles W.14aThe moral basis of Burke's political thought :ban essay /cby Charles Parkin. aNew York :bRussell & Russell ,c1956 [1968]. aviii, 145 p. ;c21 cm. aReprint of the 1956 ed. aBibliography: p. vii-viii.10aBurke, Edmund,d1729-1797.